Questionnaire design

Bibliographic Details
Main Author: Hague, Paul (Author)
Format: Book
Published: London : Kogan Page , 1993
Subjects:

MARC

LEADER 00000cam a2200000 7i4500
001 0000008869
005 20051201093000.0
020 |a 0749409177 
090 0 0 |a HF5415.2   |b .H239 1993 
100 0 |a Hague, Paul ,   |e author 
245 1 0 |a Questionnaire design   |c Paul Hague 
260 2 |a London :   |b Kogan Page ,   |c 1993 
300 |a 142 p. ;   |c 22 cm. 
504 |a Includes bibliographical references (p. 137-139) and index 
650 0 |a Marketing research 
650 0 |a Questionnaires 
999 |a 1000017874   |b Book   |c OPEN SHELF (30 DAYS)   |e Gong Badak Campus